| 000 | 00329nam a2200121Ia 4500 | ||
|---|---|---|---|
| 008 | 230907s9999||||xx |||||||||||||| ||und|| | ||
| 082 |
_a621.31042 _bGON |
||
| 100 |
_aGönen, Turan. _967006 |
||
| 245 | 0 | _aElectrical machines with MATLAB / | |
| 260 |
_aCRC Press, _bBoca Raton, FL : _c2012 |
||
| 300 | _axix, 629 p. : | ||
| 942 | _cBK | ||
| 999 |
_c600792 _d600792 |
||